Venecia / (Record no. 62103)

MARC details
000 -LEADER
campo de control de longitud fija 00644nam a2200205 i 4500
001 - NÚMERO DE CONTROL
campo de control 62103
003 - IDENTIFICADOR DE NÚMERO DE CONTROL
campo de control ES-MaACL
005 - FECHA Y HORA DE LA ÚLTIMA TRANSACCIÓN
campo de control 20251009063051.0
007 - CAMPO FIJO DE DESCRIPCIÓN FÍSICA--INFORMACIÓN GENERAL
campo de control de longitud fija t|
008 - DATOS DE LONGITUD FIJA--INFORMACIÓN GENERAL
campo de control de longitud fija 031118s1966 sp ||||1| spa d
100 1# - ENTRADA PRINCIPAL--NOMBRE DE PERSONA
Nombre de persona Fauré, Gabriel,
Fechas asociadas al nombre 1845-1924
9 (RLIN) 137931
245 10 - MENCIÓN DEL TÍTULO
Título Venecia /
Mención de responsabilidad, etc. Gabriel Faure ; sobrecubierta de Yves Brayer ; [traducción de Rafael Ballester].
250 ## - MENCION DE EDICION
Mención de edición [1ª ed.].
260 ## - PUBLICACIÓN, DISTRIBUCIÓN, ETC.
Lugar de publicación, distribución, etc. Barcelona :
Nombre del editor, distribuidor, etc. Juventud,
Fecha de publicación, distribución, etc. [1966]
300 ## - DESCRIPCIÓN FÍSICA
Extensión 212 p., 26 lám. :
Otras características físicas il. ;
Dimensiones 23 cm.
700 1# - ENTRADA AGREGADA--NOMBRE PERSONAL
Nombre de persona Brayer, Yves.
9 (RLIN) 31528
700 1# - ENTRADA AGREGADA--NOMBRE PERSONAL
Nombre de persona Ballester, Rafael.
9 (RLIN) 25006
852 ## - LOCALIZACIÓN
Ubicación ES-MaACL
Número de control de estantería C-34364
Sublocalización o colección R.64860
Holdings
Estatus retirado Estado de pérdida Estado de daño No para préstamo Biblioteca de origen Biblioteca actual Ubicación en estantería Fecha de adquisición Fuente de adquisición Total de préstamos Signatura topográfica completa Código de barras Visto por última vez Precio de reemplazo Tipo de ítem Koha
        Biblioteca del Ateneo de Madrid Biblioteca del Ateneo de Madrid Depósito 2 17/01/2008     C-34364 1065109 23/02/2023 23/02/2023 Libro impreso